1990s Events Sudden Death - Statistics

General Stats
  • This quiz has been taken 57 times
  • The average score is 6 of 18
Answers on the Grid
Answers color-coded by a green-red scale on the quiz's grid according to % correct below.
The Tiananmen massacre
Google was founded
Independence of more than 20 countries
Death of Ayrton Senna
Bombing at an Olympics
Tokyo subway sarin attack
End of apartheid
Genocide in Malawi
Texas capitol bombing
Sampoong Department Store collapse
Assassination of Yitzhak Rabin
Facebook was founded
Release of Nintendo Entertainment System (NES)
Sex scandal of the US president
Famine in North Korea
Rolly the sheep was cloned
The US was in a war in the Middle East
Crash of dot-com bubble
Asian financial crisis
First Super Mario game
Handover of Hong Kong and Macau to China
Chernobyl disaster
Indian Ocean tsunami
Death of Princess Diana
Release of Microsoft
The film Titanic
Launch of Macintosh
Hubble Space Telescope
Rodney King riots
First Pokemon game
 
Answer Stats
Answer % Correct
Bombing at an Olympics
61%
Sex scandal of the US president
61%
End of apartheid
58%
Death of Ayrton Senna
45%
Google was founded
45%
Independence of more than 20 countries
39%
Death of Princess Diana
37%
Tokyo subway sarin attack
34%
Rodney King riots
32%
The film Titanic
32%
Assassination of Yitzhak Rabin
29%
The US was in a war in the Middle East
29%
Handover of Hong Kong and Macau to China
24%
First Pokemon game
16%
Hubble Space Telescope
16%
Famine in North Korea
11%
Asian financial crisis
8%
Sampoong Department Store collapse
5%
No matching quizzes found
Score Distribution
Percent of People with Each Score
Percentile by Number Answered
Your Score History
You have not taken this quiz